000 00770nam a2200253 a 4500
003 OSt
005 20131104180528.0
008 131104s1993 sz ||||| |||| 00| 0 spa d
020 _a92-4-356147-2
040 _cBiblioteca Medicina
041 _aspa
082 _aBiblioteca Medicina
100 1 _aChollat-Traquet, Claire
_92796
110 _aOrganizacion Mundial de la Salud
_91006
245 0 3 _aLa mujer y el tabaco
250 _a1° ed.
260 _aGinebra
_bOrganizacion Mundial de la Salud
_c1993
300 _a126 p.
653 _aSALUD DE LAS MUJERES
653 _aMUJERES-SALUD
653 _aTABAQUISMO
942 _2ddc
_cPH
999 _c1992
_d1992
952 _pH0243
_40
_00
_bBFM
_10
_oBiblioteca Medicina
_d2013-11-04
_tEj. 1
_8NFIC
_70
_cCR
_2ddc
_yPH
_aBFM